[Event "Titled Tuesday intern op 18th Jul Late"]
[Site "Chess.com INT"]
[Date "2023.07.18"]
[Round "6"]
[White "Pulido Alvarez, Ariel"]
[Black "Eggleston, Thomas"]
[Result "0-1"]
[WhiteElo "2238"]
[BlackElo "2215"]
[PlyCount "94"]
[EventDate "2023.07.18"]
[EventType "swiss (blitz)"]
[EventRounds "11"]
[EventCountry "USA"]
[SourceTitle "EXT 2024"]
[Source "ChessBase"]
[SourceDate "2023.10.10"]
[SourceVersion "1"]
[SourceVersionDate "2023.10.10"]
[SourceQuality "1"]

1. e4 e6 2. d4 d5 3. e5 c5 4. c3 Nc6 5. Nf3 Qb6 6. a3 f6 7. Bd3 fxe5 8. dxe5 c4 9. Bc2 Nh6 10. 0-0 Nf7 11. Re1 Bd7 12. Nbd2 g5 13. b3 cxb3 14. Nxb3 g4 15. Nfd4 Ncxe5 16. Rb1 Qc7 17. Bf4 Bd6 18. Qe2 0-0-0 19. Bg3 h5 20. Nb5 Bxb5 21. Qxb5 a6 22. Qa5 h4 23. Qxc7+ Bxc7 24. Bf4 h3 25. Nd4 hxg2 26. Kxg2 Nf3 27. Bxc7 Kxc7 28. Nxe6+ Kd6 29. Nxd8 Rxh2+ 30. Kg3 Nxd8 31. Rh1 Rxh1 32. Rxh1 Ne5 33. Bf5 Ndc6 34. Bxg4 Kc5 35. Rh5 Nc4 36. a4 Nb2 37. Bf3 Ne7 38. a5 Nc4 39. Rh7 Kd6 40. Kf4 Nxa5 41. Rh6+ Kc5 42. Re6 Nac6 43. Be2 a5 44. Kg3 a4 45. f4 a3 46. Bd1 a2 47. f5 a1Q 0-1

[Event "Portela Memorial tt"]
[Site "Havana"]
[Date "2018.07.16"]
[Round "1.2"]
[White "Hernandez Barreras, Yerandy Jose"]
[Black "Pulido Alvarez, Ariel"]
[Result "0-1"]
[WhiteElo "2180"]
[BlackElo "2289"]
[PlyCount "66"]
[EventDate "2018.07.16"]
[EventType "team-tourn"]
[EventRounds "9"]
[EventCountry "CUB"]
[SourceTitle "EXT 2021"]
[Source "ChessBase"]
[SourceDate "2020.10.23"]
[SourceVersion "1"]
[SourceVersionDate "2020.10.23"]
[SourceQuality "1"]

1. e4 c5 2. Nf3 e6 3. d4 cxd4 4. Nxd4 a6 5. c4 Nf6 6. Nc3 d6 7. Be3 Be7 8. f3 0-0 9. Be2 b6 10. 0-0 Bb7 11. Rf2 Nc6 12. Bf1 Rc8 13. Rc1 Ne5 14. b3 Re8 15. Rd2 Qc7 16. Nde2 Qb8 17. Qe1 b5 18. cxb5 axb5 19. Nxb5 d5 20. Qg3 Rxc1 21. Nxc1 dxe4 22. Rc2 Nh5 23. Qh3 g6 24. f4 Nc6 25. Ne2 Nb4 26. Rd2 Nd5 27. g4 Nhxf4 28. Nxf4 Nxf4 29. Qh6 Nd5 30. Ba7 Qd8 31. Qh3 Qc8 32. Nd4 Bc5 33. Bxc5 Qxc5 0-1

[Event "Capablanca Memorial op 53rd"]
[Site "Havana"]
[Date "2018.05.10"]
[Round "2"]
[White "Zambrano Acebo, Jean Carlos"]
[Black "Pulido Alvarez, Ariel"]
[Result "1-0"]
[WhiteElo "2140"]
[BlackElo "2288"]
[PlyCount "109"]
[EventDate "2018.05.09"]
[EventType "swiss"]
[EventRounds "10"]
[EventCountry "CUB"]
[SourceTitle "EXT 2019"]
[Source "ChessBase"]
[SourceDate "2018.10.10"]
[SourceVersion "1"]
[SourceVersionDate "2018.10.10"]
[SourceQuality "1"]

1. e4 c5 2. Nf3 e6 3. d3 Nc6 4. g3 d6 5. Bg2 Nf6 6. 0-0 Be7 7. Re1 0-0 8. c3 e5 9. h3 Rb8 10. Nbd2 b5 11. a3 a5 12. a4 b4 13. Nc4 Be6 14. Ne3 Qc8 15. Kh2 Re8 16. Nh4 g6 17. Qf3 bxc3 18. bxc3 Rb3 19. Bd2 Qd8 20. Nd5 Bxd5 21. exd5 Nb8 22. Reb1 Rxb1 23. Rxb1 Nbd7 24. c4 Qa8 25. Rb5 Bd8 26. Qd1 e4 27. Qc2 exd3 28. Qxd3 Bc7 29. Bc3 Rb8 30. Qb1 Rxb5 31. Qxb5 Qd8 32. Qc6 Kf8 33. Bf3 Ke7 34. Ng2 Qb8 35. Ne3 Qb6 36. Qa8 Qb3 37. Bxf6+ Nxf6 38. Qc8 Bd8 39. Qc6 Nd7 40. Bd1 Qb2 41. Kg1 Ne5 42. Qb5 Qb4 43. Kg2 Kf8 44. Be2 Kg7 45. Ng4 Qxb5 46. cxb5 Nd7 47. Ne3 Nb6 48. Nc4 Nxd5 49. Nxd6 Nc3 50. Bc4 Nxa4 51. Nxf7 Bf6 52. Nd6 Nb6 53. Ne8+ Kh6 54. Nxf6 Nxc4 55. Ne4 1-0

[Event "Capablanca Memorial op 53rd"]
[Site "Havana"]
[Date "2018.05.09"]
[Round "1"]
[White "Pulido Alvarez, Ariel"]
[Black "Berdayes Ason, Dylan Isidro"]
[Result "0-1"]
[WhiteElo "2288"]
[BlackElo "2406"]
[PlyCount "80"]
[EventDate "2018.05.09"]
[EventType "swiss"]
[EventRounds "10"]
[EventCountry "CUB"]
[SourceTitle "EXT 2019"]
[Source "ChessBase"]
[SourceDate "2018.10.10"]
[SourceVersion "1"]
[SourceVersionDate "2018.10.10"]
[SourceQuality "1"]

1. e4 c5 2. Nf3 Nc6 3. d4 cxd4 4. Nxd4 Nf6 5. Nc3 d6 6. Bc4 Bd7 7. Be3 Ng4 8. Nxc6 bxc6 9. 0-0 Nxe3 10. fxe3 e6 11. Qf3 Qf6 12. Qxf6 gxf6 13. Rxf6 Bg7 14. Rf3 Rb8 15. Bb3 c5 16. Raf1 Rf8 17. Rh3 h6 18. Nd1 Bb5 19. c4 Bc6 20. Bc2 Bxb2 21. Rxh6 Be5 22. Rh7 Rb4 23. Bd3 Ra4 24. Rf2 Ra3 25. Bb1 Ke7 26. g4 Ba4 27. Nb2 Be8 28. Nd3 Rh8 29. Rh5 Rxh5 30. gxh5 Bg7 31. Rg2 Kf8 32. Kf2 Rc3 33. e5 dxe5 34. Nxc5 Rxc4 35. Ne4 Bc6 36. Nd6 Rh4 37. Rg5 Rxh2+ 38. Kf1 Bh6 39. Rg4 Bxe3 40. Rc4 Bf3 0-1

[Event "Artemisa Inder Anivers"]
[Site "Artemisa"]
[Date "2018.02.25"]
[Round "10.1"]
[White "Pulido Alvarez, Ariel"]
[Black "Vargas Rodriguez, Wilver"]
[Result "1/2-1/2"]
[WhiteElo "2261"]
[BlackElo "2331"]
[PlyCount "85"]
[EventDate "2018.02.20"]
[EventType "team-tourn"]
[EventRounds "10"]
[EventCountry "CUB"]
[SourceTitle "EXT 2021"]
[Source "ChessBase"]
[SourceDate "2020.10.23"]
[SourceVersion "1"]
[SourceVersionDate "2020.10.23"]
[SourceQuality "1"]
[WhiteTeam "Guanajay"]
[BlackTeam "Isla de la Juventud"]
[WhiteTeamCountry "CUB"]
[BlackTeamCountry "CUB"]

1. e4 e6 2. d4 d5 3. e5 c5 4. c3 Nc6 5. Nf3 Qb6 6. a3 Nh6 7. b4 cxd4 8. cxd4 Nf5 9. Be3 Bd7 10. Bd3 Nxe3 11. fxe3 f6 12. 0-0 Be7 13. Nc3 0-0 14. Na4 Qd8 15. exf6 gxf6 16. Rc1 b6 17. Nc3 Bd6 18. Ne2 Rc8 19. Qe1 f5 20. Nf4 Qf6 21. Bb5 Bxf4 22. exf4 Nxd4 23. Ba6 Rxc1 24. Qxc1 Rc8 25. Qe3 Nxf3+ 26. Rxf3 Rc2 27. h3 d4 28. Rg3+ Kf8 29. Qf3 Be8 30. Qa8 Rc3 31. Rd3 e5 32. Bb5 Qe7 33. Rxc3 dxc3 34. Qc8 exf4 35. Bxe8 Qxe8 36. Qxf5+ Kg7 37. Qg5+ Qg6 38. Qe7+ Qf7 39. Qg5+ Kf8 40. Qd8+ Kg7 41. Qg5+ Qg6 42. Qe7+ Qf7 43. Qg5+ 1/2-1/2

[Event "Artemisa Inder Anivers"]
[Site "Artemisa"]
[Date "2018.02.22"]
[Round "5.1"]
[White "Vargas Rodriguez, Wilver"]
[Black "Pulido Alvarez, Ariel"]
[Result "0-1"]
[WhiteElo "2331"]
[BlackElo "2261"]
[PlyCount "64"]
[EventDate "2018.02.20"]
[EventType "team-tourn"]
[EventRounds "10"]
[EventCountry "CUB"]
[SourceTitle "EXT 2021"]
[Source "ChessBase"]
[SourceDate "2020.10.23"]
[SourceVersion "1"]
[SourceVersionDate "2020.10.23"]
[SourceQuality "1"]
[WhiteTeam "Isla de la Juventud"]
[BlackTeam "Guanajay"]
[WhiteTeamCountry "CUB"]
[BlackTeamCountry "CUB"]

1. e4 c5 2. Nc3 Nc6 3. Nf3 e6 4. d4 cxd4 5. Nxd4 d6 6. Be3 Nf6 7. h3 Be7 8. Qf3 0-0 9. 0-0-0 Qc7 10. g4 a6 11. g5 Nd7 12. Qg3 b5 13. Nxc6 Qxc6 14. Bg2 Bb7 15. Rhg1 b4 16. e5 d5 17. g6 hxg6 18. Nxd5 exd5 19. Bxd5 Qxd5 20. Rxd5 Bxd5 21. Rd1 Be6 22. Bg5 Bc5 23. h4 Rfc8 24. Kb1 Bf5 25. Rd2 Nf8 26. Be3 Ne6 27. Kc1 Rc7 28. Bxc5 Rxc5 29. a3 a5 30. Qe3 Rac8 31. axb4 axb4 32. Qb3 Bxc2 0-1

[Event "Artemisa Inder Anivers"]
[Site "Artemisa"]
[Date "2018.02.20"]
[Round "1.1"]
[White "Coto Mederos, Michel"]
[Black "Pulido Alvarez, Ariel"]
[Result "0-1"]
[WhiteElo "2377"]
[BlackElo "2261"]
[PlyCount "60"]
[EventDate "2018.02.20"]
[EventType "team-tourn"]
[EventRounds "10"]
[EventCountry "CUB"]
[SourceTitle "EXT 2021"]
[Source "ChessBase"]
[SourceDate "2020.10.23"]
[SourceVersion "1"]
[SourceVersionDate "2020.10.23"]
[SourceQuality "1"]
[WhiteTeam "Havana"]
[BlackTeam "Guanajay"]
[WhiteTeamCountry "CUB"]
[BlackTeamCountry "CUB"]

1. d4 Nf6 2. c4 g6 3. Nc3 d5 4. cxd5 Nxd5 5. Bd2 Nb6 6. Bg5 Bg7 7. e3 0-0 8. Nf3 Nc6 9. Be2 h6 10. Bh4 a5 11. 0-0 a4 12. a3 Be6 13. Ne4 Bb3 14. Qe1 Nd7 15. Ned2 Be6 16. Rc1 Na5 17. Bb5 Nb6 18. Qe2 c6 19. Bd3 Nd7 20. Nc4 Nb3 21. Rc2 c5 22. Be4 cxd4 23. Nfd2 Ndc5 24. Qf3 Nxe4 25. Nxe4 d3 26. Rcc1 Nxc1 27. Rxc1 Rc8 28. Ned2 b5 29. Qb7 bxc4 30. Bxe7 Qd5 0-1

[Event "Maria Teresa Mora Memorial Elite"]
[Site "Havana"]
[Date "2018.??.??"]
[Round "9"]
[White "Pulido Alvarez, Ariel"]
[Black "Gutierrez Delgado, Yusuan Alfredo"]
[Result "1/2-1/2"]
[WhiteElo "2298"]
[BlackElo "2299"]
[PlyCount "40"]
[EventDate "2018.03.08"]
[EventType "tourn"]
[EventRounds "9"]
[EventCountry "CUB"]
[EventCategory "1"]
[SourceTitle "EXT 2021"]
[Source "ChessBase"]
[SourceDate "2020.10.23"]
[SourceVersion "1"]
[SourceVersionDate "2020.10.23"]
[SourceQuality "1"]

1. e4 e6 2. d4 d5 3. Nd2 dxe4 4. Nxe4 Nd7 5. Nf3 Be7 6. Bd3 Ngf6 7. Nxf6+ Nxf6 8. 0-0 0-0 9. Re1 b6 10. c3 Bb7 11. Ne5 c5 12. dxc5 Bxc5 13. Bg5 Be7 14. Bf1 Qxd1 15. Raxd1 Rad8 16. f3 Rxd1 17. Rxd1 Rd8 18. Rxd8+ Bxd8 19. Be3 Kf8 20. Kf2 Be7 1/2-1/2

[Event "Isla Bello Caribe op"]
[Site "Cuba"]
[Date "2000.??.??"]
[Round "?"]
[White "Fernandez Cardoso, Alexey"]
[Black "Pulido Alvarez, Ariel"]
[Result "0-1"]
[WhiteElo "2314"]
[BlackElo "2267"]
[PlyCount "72"]
[EventDate "2000.??.??"]
[EventType "swiss"]
[EventRounds "9"]
[EventCountry "CUB"]
[SourceTitle "EXT 2004"]
[Source "ChessBase"]
[SourceDate "2003.11.25"]
[SourceVersion "1"]
[SourceVersionDate "2003.11.25"]
[SourceQuality "1"]

1. e4 c5 2. Nf3 d6 3. d4 cxd4 4. Nxd4 Nf6 5. Nc3 a6 6. Bc4 e6 7. Bb3 Be7 8. Be3 0-0 9. g4 Nfd7 10. Qe2 Nc5 11. 0-0-0 b5 12. f4 Qc7 13. g5 Re8 14. Kb1 Nc6 15. Rhg1 Bb7 16. Rg3 Bf8 17. f5 Nxb3 18. axb3 b4 19. Na4 Nxd4 20. Rxd4 exf5 21. exf5 Be4 22. Qf2 Rac8 23. Rxe4 Rxe4 24. Nb6 Rce8 25. Nd5 Qa5 26. Nf6+ gxf6 27. gxf6+ Kh8 28. Qg2 Bh6 29. Bxh6 Re1+ 30. Bc1 Rxc1+ 31. Kxc1 Qa1+ 32. Kd2 Qe1+ 33. Kd3 d5 34. Kd4 Qe5+ 35. Kc5 d4+ 36. Kb6 Rb8+ 0-1

[Event "Isla Bello Caribe op"]
[Site "Cuba"]
[Date "2000.??.??"]
[Round "?"]
[White "Pulido Alvarez, Ariel"]
[Black "Otero Acosta, Diasmany"]
[Result "1/2-1/2"]
[WhiteElo "2267"]
[BlackElo "2388"]
[PlyCount "51"]
[EventDate "2000.??.??"]
[EventType "swiss"]
[EventRounds "9"]
[EventCountry "CUB"]
[SourceTitle "EXT 2004"]
[Source "ChessBase"]
[SourceDate "2003.11.25"]
[SourceVersion "1"]
[SourceVersionDate "2003.11.25"]
[SourceQuality "1"]

1. e4 e5 2. Nf3 Nc6 3. d4 exd4 4. Nxd4 Nf6 5. Nxc6 bxc6 6. e5 Qe7 7. Qe2 Nd5 8. c4 Ba6 9. b3 g6 10. f4 Bg7 11. Qf2 Nf6 12. Ba3 Ng4 13. Qe2 Qe6 14. Nd2 d6 15. h3 Nh6 16. 0-0-0 0-0-0 17. Ne4 dxe5 18. Nc5 Qe7 19. Rxd8+ Rxd8 20. g4 e4 21. Qxe4 Qf6 22. Bd3 Qa1+ 23. Bb1 Qc3+ 24. Bc2 Qa1+ 25. Bb1 Qc3+ 26. Bc2 1/2-1/2